000 004470000a22001690004500
020 _a0-87784-372-4
041 0 _aENG
082 0 4 _aG 253.7 B2551s
245 1 0 _aSmall group leaders' handbook / Steve Barker...[et. al]
260 _aDowners Grove, ILL., USA : InterVarsity
300 _a194 Pag
001 6565
942 _cBK
999 _c36834
_d36834
336 _atexto
_btxt
_2rdacontent
337 _2rdamedia
_asin mediación
_bn
338 _2rdacarrier
_avolumen
_bnc